000 00604nam a22002057a 4500
999 _c20916
_d20916
003 AR-CdUCM
008 190607b ||||| |||| 00| 0 spa d
040 _aMUNICIPALIDAD PROVINCIAL DEL CUSCO
_cBIBLIOTECA MUNICIPAL DEL CUSCO
082 _a895.1 /
_bW42
_24ed.
100 _aWei, Te
_943647
245 _aEl general engreĆ­do /
260 _aBeijing :
_bGUOJI SHUDIAN,
_c1981.
300 _bIlustraciones,
_c26 cm.
500 _aediciones en lenguas extranjeras - Beijing
650 _aCuento
_94671
650 _aChina
_9843
650 _aBeijing
_930782
942 _2ddc
_cLIBROS
945 _aJavier